00466cam a2200169ua 45000010005000000080039000050200018000440400009000620820010000711000026000812450054001072500009001612600057001703000017002276530014002446530038002582270110806n ii |||gr||||Z||||||eng a81-259-0358-5 cMAIN a371.9 aPanda, K C.,eAuthor.1 aEducation of exceptional childrencby K. C. Panda a1st. aNew Delhi:bVikas publishing house pvt. ltd.,c2003. a331p:c23cm. aEducation aEducation of exceptional children